000 00297nam a22001097a 4500
008 160419b xxu||||| |||| 00| 0 eng d
020 _a9780803640757
041 _aeng
080 _a618.2
245 _aFundamentals of Nursing:
_cJudith M.Wilkinson ; Leslie S. Treas:Karen L.Baren ;
942 _2udc
_cBK
999 _c1442
_d1442